[Event "Niederbayernliga 0405"]
[Site "Germany"]
[Date "2005.??.??"]
[Round "6"]
[White "Fruechtl, Felix"]
[Black "Breininger, Heinz"]
[Result "1-0"]
[WhiteElo "1696"]
[BlackElo "1818"]
[PlyCount "95"]
[EventDate "2004.??.??"]
[EventType "team"]
[EventRounds "9"]
[EventCountry "GER"]
[SourceTitle "EXT 2008"]
[Source "ChessBase"]
[SourceDate "2007.11.25"]
[SourceVersion "1"]
[SourceVersionDate "2007.11.25"]
[SourceQuality "1"]
[WhiteTeam "Deggendorf"]
[BlackTeam "Straubing"]
[WhiteTeamCountry "GER"]
[BlackTeamCountry "GER"]

1. e4 e5 2. Nf3 Nc6 3. Bb5 Nd4 4. Nxd4 exd4 5. d3 c5 6. a4 Qc7 7. 0-0 a6 8. Bc4 d6 9. f4 Nf6 10. e5 Ng8 11. Qe2 Be7 12. Nd2 Be6 13. Bxe6 fxe6 14. exd6 Qxd6 15. Nc4 Qc6 16. Re1 0-0-0 17. Qxe6+ Qxe6 18. Rxe6 Rf8 19. Bd2 Bd8 20. Rae1 Nf6 21. Nd6+ Kb8 22. R1e5 b6 23. f5 Bc7 24. Bf4 Nh5 25. Bg5 h6 26. Be7 Rfg8 27. g3 Nf6 28. Bxf6 gxf6 29. Rxf6 h5 30. Ree6 h4 31. Kg2 hxg3 32. hxg3 Rh7 33. Re8+ Rxe8 34. Nxe8 Bd8 35. Rg6 Re7 36. Re6 Rf7 37. Nd6 Re7 38. Rxe7 Bxe7 39. Ne4 Kc7 40. Kf3 b5 41. axb5 axb5 42. g4 Kd7 43. g5 Ke8 44. Kg4 c4 45. f6 Bf8 46. Kf5 b4 47. b3 cxb3 48. cxb3 1-0

[Event "Niederbayernliga 0203"]
[Site "Germany"]
[Date "2003.??.??"]
[Round "4.8"]
[White "Fruechtl, Felix"]
[Black "Holzmann, Max"]
[Result "1/2-1/2"]
[WhiteElo "1614"]
[BlackElo "1862"]
[PlyCount "81"]
[EventDate "2002.??.??"]
[EventType "team"]
[EventRounds "9"]
[EventCountry "GER"]
[SourceTitle "EXT 2008"]
[Source "ChessBase"]
[SourceDate "2007.11.25"]
[SourceVersion "1"]
[SourceVersionDate "2007.11.25"]
[SourceQuality "1"]
[WhiteTeam "Deggendorf"]
[BlackTeam "Straubing II"]
[WhiteTeamCountry "GER"]
[BlackTeamCountry "GER"]

1. e4 c5 2. Nf3 g6 3. d4 cxd4 4. Nxd4 Bg7 5. Be3 Nf6 6. Nc3 Nc6 7. Be2 0-0 8. 0-0 d6 9. h3 Bd7 10. Qd2 Nxd4 11. Bxd4 Bc6 12. Rad1 e5 13. Be3 Nxe4 14. Nxe4 Bxe4 15. f3 Bf5 16. g4 Be6 17. Qxd6 Qa5 18. a3 Rac8 19. Bd3 Rfd8 20. Qb4 Qxb4 21. axb4 b6 22. Rd2 Bf8 23. c3 Bb3 24. Rff2 Rd6 25. Be4 Rcd8 26. Rxd6 Rxd6 27. Rd2 Be6 28. Rxd6 Bxd6 29. Bd3 f5 30. Kf2 Kf7 31. Bd2 h5 32. gxh5 gxh5 33. Bg5 Kg6 34. h4 Kf7 35. Ke3 Kg6 36. Bb5 Kf7 37. Bc6 Bc4 38. Bd7 Be6 39. Bc6 Bc4 40. Bd7 Be6 41. Bc6 1/2-1/2

[Event "Niederbayernliga 0304"]
[Site "Germany"]
[Date "2003.??.??"]
[Round "3"]
[White "Sellmayer, Johann"]
[Black "Fruechtl, Felix"]
[Result "1-0"]
[WhiteElo "1755"]
[BlackElo "1747"]
[PlyCount "95"]
[EventDate "2003.??.??"]
[EventType "team"]
[EventRounds "9"]
[EventCountry "GER"]
[SourceTitle "EXT 2008"]
[Source "ChessBase"]
[SourceDate "2007.11.25"]
[SourceVersion "1"]
[SourceVersionDate "2007.11.25"]
[SourceQuality "1"]
[WhiteTeam "Landshut II"]
[BlackTeam "Deggendorf"]
[WhiteTeamCountry "GER"]
[BlackTeamCountry "GER"]

1. e4 c5 2. Nf3 e6 3. Nc3 a6 4. a4 Nc6 5. Bc4 Nf6 6. d3 d5 7. Ba2 dxe4 8. Nxe4 Nxe4 9. dxe4 Qxd1+ 10. Kxd1 Bd6 11. c3 b5 12. Bb3 Bb7 13. axb5 axb5 14. Rxa8+ Bxa8 15. Ke2 Ke7 16. Be3 Na5 17. Bc2 Nc4 18. Bc1 Bc6 19. b3 Nb6 20. Bb2 Ra8 21. Ra1 Rxa1 22. Bxa1 c4 23. Nd4 Bd7 24. g3 g6 25. Bb2 e5 26. Nf3 f6 27. Nd2 Be6 28. bxc4 bxc4 29. Nb1 Bd7 30. Ba3 Na4 31. Bxa4 Bxa4 32. Kd2 Bc6 33. Ke3 Bb7 34. f4 Kd7 35. Bxd6 Kxd6 36. Nd2 Kc5 37. Nf3 Kd6 38. fxe5+ fxe5 39. Ng5 h5 40. Nf7+ Ke7 41. Nxe5 g5 42. Nxc4 Ke6 43. Kd4 h4 44. Nd2 hxg3 45. hxg3 Kd6 46. c4 Bc6 47. Nf3 g4 48. Ne5 1-0